| 000 | 00398ntaaa2200169 4500 | ||
|---|---|---|---|
| 003 | 01 | ||
| 005 | 20251027203032.0 | ||
| 008 | 0714s1973 ag 01 | ||
| 040 |
_aAR-BaBN _bspa _cAR-BaBN _eaacr _dRIC |
||
| 082 | _a922.0000 Z9t | ||
| 100 |
_aZylstra, Henry _927792 |
||
| 245 | _aTestament of vision | ||
| 250 | _a1 ed. | ||
| 260 |
_aGrand Rapids : _bEerdmans, _c1958 |
||
| 300 | _a234 p | ||
| 942 | _cBK | ||
| 999 |
_c25701 _d25701 |
||